000 01094nam a2200277 a 4500
001 C01495955c-3
003 CO-ViMGA
005 20230915233133.0
008 151126s2014 ck a gr 00010 spa d
020 _a9789588238821
040 _aCO-ViMGA
_bspa
_cCO-ViMGA
043 _as-ck---
082 0 4 _a394.260986
_bE72d
_221
100 1 _aEscovar Wilson-White, Alberto.
_93473
245 1 0 _aDe fiesta por Colombia /
_cAlberto Escovar Wilson White ; fotografías César David Martínez Rodríguez ; textos introductorios Luis Guillermo Restrepo Satizábal.
260 _a[Bogotá] :
_bMNR Comunicaciones & Ediciones,
_c2014.
300 _a331 páginas :
_bilustraciones, fotografías ;
_c33 cm.
504 _aIncluye bibliografías.
546 _aTexto bilingüe en español e inglés.
650 1 4 _aCultura popular
_z Colombia.
_93475
650 1 4 _aFestivales
_z Colombia.
_93474
651 4 _aColombia
_x Vida social y costumbres.
_93476
700 1 _aMartínez Rodríguez, César David,
_efotógrafo.
_93477
700 1 _aRestrepo Satizábal, Luis Guillermo.
_93478
942 _2ddc
_cBK
999 _c9252
_d9252